000 00989nam a22002777a 4500
005 20170504170855.0
010 _aENG-108956
020 _a9781259064159
_c450.00
020 _a1259064158
_c450.00
035 _aEN-92489
035 _aB-534720-748
035 _aB-667483
037 _bDBAD/PUB
037 _bBSB/Ven
_adpl
082 _a000
100 _aSharma, Arun
245 _aStudy package for CMAT /
_cby Arun Sharma [and] Meenakshi Upadhyay
260 _aNew Delhi
_bMcGraw Hill Education
_c2013
270 _aP-24,Green Park Extension
_bNew Delhi
_e110016
300 _avarious pagings
_c28cm(pbk)
490 _aMcGraw Hill education winning edge series
700 _aUpadhyay, Meenakshi
942 _2ddc
_cEN
_mSHA
_h000
999 _c81538
_d81538